00403nam a2200145Ia 4500008004100000020001800041041000800059082001900067100003600086245004900122250000600171260003600177300001300213650003100226210716s1996 xx 000 0 und d a9780764500503 aeng a005.26301 WANW aWang, Wallace; Parker, Roger C. aMicrosoft office 97 for windows for dummies. a1 aUSAbIDG Books World Widec1996 axxiv,386 aMicrosoft Windows(005.269)